Normal view MARC view
  • Subramaniam, Vish

Entry Personal Name

Number of records used in: 1

001 - CONTROL NUMBER

  • control field: 103486

003 - CONTROL NUMBER IDENTIFIER

  • control field: NUST

005 - DATE AND TIME OF LATEST TRANSACTION

  • control field: 20221124124248.0

008 - FIXED-LENGTH DATA ELEMENTS

  • fixed length control field: 221124|| aca||aabn | a|a d

040 ## - CATALOGING SOURCE

  • Original cataloging agency: NUST
  • Transcribing agency: NUST

100 ## - HEADING--PERSONAL NAME

  • Personal name: Subramaniam, Vish

670 ## - SOURCE DATA FOUND

  • Source citation: Work cat.: (NUST)189289: Gilat, Amos 19446, Numerical methods :, cop. 2011
© 2023 Central Library, National University of Sciences and Technology. All Rights Reserved.